Integrated management of Corynespora leaf disease of rubber (Hevea brasiliensis) in nurseries using bacterial endophytes (Record no. 50285)

MARC details
000 -LEADER
fixed length control field 00692nam a2200169Ia 4500
100 ## - MAIN ENTRY--AUTHOR NAME
Personal name Philip S
245 #0 - TITLE STATEMENT
Title Integrated management of Corynespora leaf disease of rubber (Hevea brasiliensis) in nurseries using bacterial endophytes
260 ## - PUBLICATION, DISTRIBUTION, ETC. (IMPRINT)
Name of publisher PLACROSYM XXIII. Climate Resilient Technologies for Sustainability of Plantation Crops, 6-8 March 2019, Central Coffee Research Institute, Chikkamangaluru, Karnataka, India, Abstracts, p.116.
650 ## - SUBJECT ADDED ENTRY--TOPICAL TERM
Topical Term Corynespora
650 ## - SUBJECT ADDED ENTRY--TOPICAL TERM
Topical Term Endophytic bacteria and integrated control
650 ## - SUBJECT ADDED ENTRY--TOPICAL TERM
Topical Term Hevea brasiliensis
700 ## - ADDED ENTRY--PERSONAL NAME
Personal name Jose G
700 ## - ADDED ENTRY--PERSONAL NAME
Personal name Prem E
700 ## - ADDED ENTRY--PERSONAL NAME
Personal name Rajan Arya
942 ## - ADDED ENTRY ELEMENTS (KOHA)
Koha item type Bibliography STAF
Holdings
Withdrawn status Lost status Damaged status Not for loan Home library Current library Shelving location Date acquired Koha item type
      Bibliography RRII Library RRII Library Pathology 01/01/2021 Bibliography STAF